| 000 | 00454nam a22001697a 4500 | ||
|---|---|---|---|
| 008 | 140916b xxu||||| |||| 00| 0 eng d | ||
| 020 | _a8171119681 | ||
| 050 | _aKN1010.5.K86 | ||
| 100 | _aKumar, H.L. | ||
| 245 |
_aKumar's encyclopaedia of petroleum laws. / _cH.L. Kumar |
||
| 250 | _a3rd ed. | ||
| 260 |
_aLondon: _bLaw Publishers, _c2011. |
||
| 300 |
_alxvi, 1399p. _c23cm. |
||
| 440 | _pEnclopaedia | ||
| 500 | _aIncludes index | ||
| 942 |
_2lcc _cBK |
||
| 999 |
_c4847 _d12347 |
||